| 000 | 00582nam a22001817a 4500 | ||
|---|---|---|---|
| 003 | BD-DhUL | ||
| 005 | 20190321145925.0 | ||
| 008 | 190321s1992 ii ||||| |||| 00| 0 urd d | ||
| 040 |
_aBD-DhUL _cBD-DhUL |
||
| 082 |
_a891.4309 _bPAH |
||
| 100 | 1 |
_aپاشا، انور _e |
|
| 245 | 1 | 0 |
_aہندو پاک میں اردو ناول : _cانور پاشا _bتقابلی مطالعه / |
| 260 |
_aنیٔ دھلی : _bایجو کیشنل بک ھاؤس، _c۱۹۹۲۔ |
||
| 300 |
_aص۔ ۳۹۰ ؛ _c۲۱ سم۔ |
||
| 365 |
_aIrs _b150.00 |
||
| 650 | 4 | _aUrdu literature | |
| 942 |
_2ddc _cBK |
||
| 999 |
_c246706 _d246706 |
||